[Event "AUTO-INT-1185"]
[Site "http://www.queenalice.com/game.php?id=696863"]
[Date "2009.12.12"]
[Round "2"]
[White "Marivaldo"]
[Black "jotat"]
[Result "0-1"]
[WhiteElo "1842"]
[BlackElo "2281"]

1. d4 Nf6 2. Nf3 d5 3. Bf4 e6 4. a3 Bd6 5. Bg5 O-O 6. h4 c5 7. c3 Nc6 8. e3 cxd4
9. Nxd4 e5 10. Nb5 Be7 11. c4 d4 12. Be2 a6 13. exd4 axb5 14. d5 Nd4 15. Bxf6
Bxf6 16. Nc3 Bf5 17. Nxb5 Nc2+ 18. Kf1 Nxa1 19. Qxa1 Bxh4 20. Qd1 Qf6 21. f3 Bg3
22. Nc3 Qb6 23. Qe1 Bxe1 24. Kxe1 Qxb2 25. Nd1 Qd4 26. g3 Rxa3 27. Kf1 Bd3 28.
Bxd3 Qxd3+ 0-1

[Event "AUTO-INT-1185"]
[Site "http://www.queenalice.com/game.php?id=696864"]
[Date "2009.12.12"]
[Round "2"]
[White "jotat"]
[Black "Marivaldo"]
[Result "1-0"]
[WhiteElo "2280"]
[BlackElo "1856"]

1. e4 d5 2. exd5 Qxd5 3. Nc3 Qd8 4. d4 Bf5 5. Bd3 Bg6 6. Nf3 Bh5 7. O-O c6 8.
Be3 e6 9. Ne4 Nf6 10. c4 Bg6 11. Nxf6+ gxf6 12. Re1 Bh5 13. Be2 f5 14. d5 cxd5
15. cxd5 Qxd5 16. Qxd5 exd5 17. Bd4 Rg8 18. Bb5+ Kd8 19. Re8+ Kc7 20. Rc1+ Nc6
21. Rxa8 Bxf3 22. Bxc6 bxc6 23. Be5+ Kd7 24. Rxa7+ Ke6 25. Bg3 Bxg2 26. Rxc6+
Bd6 27. Rxd6# 1-0

[Event "AUTO-OPEN-1372"]
[Site "http://www.queenalice.com/game.php?id=708366"]
[Date "2010.1.4"]
[Round "3"]
[White "goldenboy"]
[Black "jotat"]
[Result "0-1"]
[WhiteElo "2107"]
[BlackElo "2274"]

1. e4 e5 2. Nf3 Nc6 3. Bc4 Bc5 4. d3 Nf6 5. Bg5 d6 6. Nc3 Na5 7. Bd5 c6 8. Bb3
O-O 9. O-O Bg4 10. h3 Bh5 11. g4 Bg6 12. Nh4 Nxb3 13. axb3 Re8 14. Na4 Bb4 15.
c3 Ba5 16. b4 Bc7 17. b3 Re6 18. f4 exf4 19. Rxf4 b5 20. Nb2 d5 21. Bxf6 Rxf6
22. Rxf6 Qxf6 23. Nxg6 Bb6+ 24. d4 dxe4 25. Qf1 Qxg6 26. Qf4 Re8 27. Re1 e3 28.
Nd1 Qc2 29. Nxe3 Qxc3 30. Kf1 Bxd4 31. Re2 Bxe3 32. Qf3 Qxb3 33. Re1 Qc4+ 34.
Kg2 Qxb4 35. Re2 Qc5 0-1

[Event "AUTO-OPEN-1372"]
[Site "http://www.queenalice.com/game.php?id=708367"]
[Date "2010.1.4"]
[Round "3"]
[White "jotat"]
[Black "goldenboy"]
[Result "1-0"]
[WhiteElo "2310"]
[BlackElo "2136"]

1. e4 e5 2. Nf3 Nc6 3. Bb5 Bc5 4. c3 Nf6 5. d4 exd4 6. e5 Ng4 7. cxd4 Bb4+ 8.
Nc3 a6 9. Ba4 b5 10. Bc2 h5 11. O-O Bxc3 12. bxc3 Bb7 13. Bg5 Ne7 14. Nh4 g6 15.
Qc1 d6 16. h3 Qd7 17. hxg4 Qxg4 18. exd6 Nf5 19. Bd1 1-0

[Event "Be0wulf"]
[Site "http://www.queenalice.com/game.php?id=710338"]
[Date "2010.1.8"]
[Round "4"]
[White "jotat"]
[Black "modestyblase"]
[Result "0-1"]
[WhiteElo "2256"]
[BlackElo "2307"]

1. c4 c5 2. Nf3 Nf6 3. g3 b6 4. Bg2 Bb7 5. O-O e6 6. Nc3 Be7 7. b3 O-O 8. Bb2 d5
9. cxd5 exd5 10. d4 Re8 11. Qd3 Na6 12. a3 Nc7 13. Rac1 Bd6 14. Rfd1 Qd7 15. Ng5
c4 16. bxc4 dxc4 17. Qxc4 Bxg2 18. Kxg2 h6 19. Nf3 b5 20. Qd3 a5 21. Kg1 b4 22.
Nb1 Ncd5 23. Nfd2 Qg4 24. e3 Nxe3 25. fxe3 Bxg3 26. e4 Nxe4 27. Qf3 Bxh2+ 28.
Kxh2 Qh4+ 29. Kg2 Ra6 30. Nxe4 Rxe4 31. Rc8+ Kh7 0-1

[Event "AUTO-MASTER-775"]
[Site "http://www.queenalice.com/game.php?id=716519"]
[Date "2010.1.19"]
[Round "2"]
[White "jotat"]
[Black "killtochess"]
[Result "1-0"]
[WhiteElo "2290"]
[BlackElo "2107"]

1. e4 b6 2. Nf3 Bb7 3. d3 e6 4. Be2 c5 5. O-O d5 6. exd5 exd5 7. d4 Nf6 8. Bb5+
Nbd7 9. Re1+ Be7 10. dxc5 bxc5 11. Ne5 O-O 12. Nc6 Bxc6 13. Bxc6 Rb8 14. Bxd5
Nxd5 15. Qxd5 Nf6 16. Qxd8 Rbxd8 17. Nc3 Bd6 18. Bg5 h6 19. Bxf6 gxf6 20. Ne4 f5
21. Nxd6 Rxd6 22. Re5 Rb8 23. b3 c4 24. Rc5 cxb3 25. axb3 Rd2 26. h4 f4 27. Ra4
f3 28. Rxa7 Re8 29. gxf3 Ree2 30. Rc8+ Kg7 31. Rcc7 Rxf2 32. Rxf7+ Kg6 33. Rg7+
Kf5 34. Raf7+ Ke5 35. c4 Rb2 36. Re7+ Kf4 37. Re4+ Kxf3 38. Re1 Rfc2 39. Rf1+
Ke3 40. Rg4 Re2 41. h5 Kd3 42. Rf3+ Kc2 43. Rg2 Rxg2+ 44. Kxg2 Kb1+ 45. Kg3 1-0

[Event "AUTO-MASTER-775"]
[Site "http://www.queenalice.com/game.php?id=716520"]
[Date "2010.1.19"]
[Round "2"]
[White "killtochess"]
[Black "jotat"]
[Result "0-1"]
[WhiteElo "2138"]
[BlackElo "2284"]

1. g3 d5 2. Bg2 e5 3. c4 dxc4 4. Nf3 Qd5 5. O-O Nf6 6. Nc3 Qa5 7. Qa4+ Qxa4 8.
Nxa4 Bd6 9. Nc3 O-O 10. b3 cxb3 11. axb3 Nc6 12. Nb5 Be6 13. Nxd6 cxd6 14. Ba3
Rfd8 15. b4 Bd5 16. b5 Bxf3 17. Bxf3 Nd4 18. Bxb7 Nxe2+ 19. Kg2 Rab8 20. Ba6 Nd4
21. Rab1 Ne4 22. Rfd1 Nc2 23. Bb2 Rb6 24. d4 Nxd4 25. Bxd4 exd4 26. Rxd4 Nc5 27.
Ra1 Nb3 0-1

[Event "QA-ANNIV-05"]
[Site "http://www.queenalice.com/game.php?id=723808"]
[Date "2010.2.1"]
[Round "3"]
[White "kasper09"]
[Black "jotat"]
[Result "0-1"]
[WhiteElo "1886"]
[BlackElo "2289"]

1. e4 c6 2. d4 d5 3. Nc3 dxe4 4. Nxe4 Nd7 5. Nf3 Ngf6 6. Nxf6+ Nxf6 7. Ne5 e6 8.
Be2 Bd6 9. Nc4 Be7 10. O-O O-O 11. c3 c5 12. dxc5 Bxc5 13. b4 Be7 14. Bf3 Qc7
15. Qe2 Bd7 16. a4 Rac8 17. Ne5 Qxc3 18. Bb2 Qc2 19. Qxc2 Rxc2 20. Ba3 Be8 21.
b5 Bxa3 22. Rxa3 a6 23. b6 Nd5 24. a5 Bb5 25. Re1 Rfc8 26. Raa1 R8c5 27. Be4
R2c3 28. g3 Be8 29. Nd3 Rb5 30. Nf4 Rc8 31. Nxd5 exd5 32. Bf5 Rd8 33. Bd3 Rc5
34. Re7 Bd7 35. Rae1 Kf8 36. R7e5 Rxa5 37. h4 h6 38. Rc1 Rc8 39. Rxc8+ Bxc8 40.
Re1 Ra3 41. Rc1 Be6 42. Bf1 Rb3 43. Kh2 Rxb6 44. Bh3 Rb2 45. Kg2 a5 46. Bxe6
fxe6 47. Rc8+ Kf7 48. Rc7+ Kf6 49. Rc3 a4 50. Rf3+ Ke7 51. g4 Rb4 52. Kg3 Rb3
53. g5 Rxf3+ 54. Kxf3 h5 55. Kf4 a3 56. g6 a2 0-1

[Event "Challenge"]
[Site "http://www.queenalice.com/game.php?id=725179"]
[Date "2010.2.3"]
[Round "-"]
[White "jotat"]
[Black "Ahlkhanvio"]
[Result "1/2-1/2"]
[WhiteElo "2286"]
[BlackElo "2283"]

1. d4 e6 2. e4 d5 3. e5 c5 4. c3 Nc6 5. Nf3 Bd7 6. Be2 Nge7 7. O-O Ng6 8. g3 f6
9. exf6 gxf6 10. Be3 Qb6 11. Qb3 c4 12. Qc2 Bd6 13. b3 cxb3 14. Qxb3 Qxb3 15.
axb3 a6 16. b4 Nce7 17. Nbd2 Rc8 18. Rfc1 Nf5 19. Bd3 e5 20. dxe5 fxe5 21. Bxf5
Bxf5 22. Nb3 Rg8 23. Ra5 Ne7 24. b5 Bd3 25. bxa6 bxa6 26. h4 Bb5 27. Nfd2 Kf7
28. Bg5 Nf5 29. Raa1 Ke6 1/2-1/2

[Event "Challenge"]
[Site "http://www.queenalice.com/game.php?id=725180"]
[Date "2010.2.3"]
[Round "-"]
[White "Ahlkhanvio"]
[Black "jotat"]
[Result "1-0"]
[WhiteElo "2270"]
[BlackElo "2307"]

1. e4 e6 2. d4 d5 3. Nc3 Bb4 4. e5 c5 5. Bd2 cxd4 6. Nb5 Bxd2+ 7. Qxd2 Nc6 8. f4
Nh6 9. Nd6+ Kf8 10. Nf3 Qb6 11. O-O-O Ng4 12. Re1 Kg8 13. Bb5 a6 14. Bxc6 bxc6
15. Qxd4 Qxd4 16. Nxd4 c5 17. Nb3 c4 18. Nd4 c3 19. b3 Bd7 20. h3 Nf2 21. Rhf1
Ne4 22. Nxe4 dxe4 23. Rxe4 a5 24. Re3 Rc8 25. Rff3 h5 26. Rxc3 Rd8 27. Rc7 Be8
28. Rd3 Ra8 29. a4 Rh6 30. g3 h4 31. g4 Kf8 32. c4 Kg8 33. Nb5 f6 34. Nd6 fxe5
35. Nxe8 1-0

[Event "Challenge"]
[Site "http://www.queenalice.com/game.php?id=725612"]
[Date "2010.2.4"]
[Round "-"]
[White "JDZ"]
[Black "jotat"]
[Result "1-0"]
[WhiteElo "2418"]
[BlackElo "2297"]

1. e4 g6 2. d4 Bg7 3. Nc3 h5 4. Nf3 d6 5. Bc4 e6 6. O-O Ne7 7. Bg5 f6 8. Be3
Nbc6 9. d5 exd5 10. Nxd5 Bd7 11. Qd3 a6 12. Bd4 Nxd4 13. Nxd4 b5 14. Nxe7 bxc4
15. Qxc4 Kxe7 16. f4 c5 17. Nf3 Bb5 18. Qd5 Bxf1 19. Rxf1 Rb8 20. Nh4 Rh6 21.
Rd1 Qd7 22. b3 Rc8 23. f5 g5 24. Ng6+ Rxg6 25. fxg6 Rf8 26. Rf1 h4 27. a3 a5 28.
h3 Qc8 29. Kh1 Qa8 30. Qc4 Qc6 31. b4 axb4 32. axb4 Qb6 33. e5 dxe5 34. Ra1 cxb4
35. Ra6 Qxa6 36. Qxa6 Rd8 37. g4 Rd1+ 38. Kg2 Rd7 39. Qb5 Rc7 40. Qxb4+ Kd7 41.
c4 Kc8 42. c5 Rb7 43. Qc4 1-0

[Event "helianthus"]
[Site "http://www.queenalice.com/game.php?id=737431"]
[Date "2010.2.25"]
[Round "2"]
[White "jotat"]
[Black "helianthus"]
[Result "0-1"]
[WhiteElo "2286"]
[BlackElo "2375"]

1. e4 c5 2. c3 e6 3. Nf3 d5 4. exd5 Qxd5 5. d4 Nf6 6. Bd3 Be7 7. dxc5 O-O 8. b4
Rd8 9. Bc2 Qc6 10. Bd2 b6 11. cxb6 a5 12. bxa5 Rxa5 13. Qc1 Bb7 14. c4 Rh5 15.
O-O Rd4 16. Ba4 Qd6 17. Bb4 Qxb4 18. Nxd4 Qd6 19. g3 Qxd4 20. Qf4 Qxf4 21. gxf4
Ng4 22. Nc3 Rxh2 23. Nd5 exd5 24. c5 Bxc5 25. Rae1 g6 26. Re8+ Kg7 0-1

[Event "GimoDomi-ITALY"]
[Site "http://www.queenalice.com/game.php?id=757057"]
[Date "2010.4.6"]
[Round "2"]
[White "jagvg"]
[Black "jotat"]
[Result "1-0"]
[WhiteElo "2353"]
[BlackElo "2241"]

1. e4 e5 2. Nf3 Nc6 3. Bb5 a6 4. Ba4 Nf6 5. O-O b5 6. Bb3 Be7 7. a4 b4 8. d4 d6
9. dxe5 Nxe5 10. Nxe5 dxe5 11. Qxd8+ Bxd8 12. f4 O-O 13. fxe5 Ng4 14. Bf4 c6 15.
a5 Be7 16. Bg3 Bc5+ 17. Kh1 Bd4 18. c3 Bxe5 19. Bxe5 Nxe5 20. cxb4 Rb8 21. Nd2
Rxb4 22. Rac1 Bg4 23. Nc4 Be2 24. Nxe5 Bxf1 25. Bxf7+ Kh8 26. Nxc6 Bxg2+ 27.
Kxg2 Rxb2+ 28. Kg3 Rxf7 29. Nb4 h6 30. Nxa6 Rf6 31. Nc7 Rg6+ 32. Kf4 Rf2+ 33.
Ke3 Rxh2 34. a6 Rg3+ 35. Kd4 Ra3 36. e5 g5 37. e6 Re2 38. Rc3 Raa2 39. Re3 Ra4+
40. Kd3 Rf2 41. Nb5 Rxa6 42. e7 Ra8 43. e8=Q+ Rxe8 44. Rxe8+ Kh7 45. Nd6 g4 46.
Ne4 Rf3+ 47. Ke2 Kg7 48. Re5 Kg6 49. Rd5 Ra3 50. Kf2 Rf3+ 51. Kg2 h5 52. Rb5 Re3
53. Rb6+ Kg7 54. Nf2 h4 55. Rb4 1-0

[Event "QA-ANNIV-05"]
[Site "http://www.queenalice.com/game.php?id=758994"]
[Date "2010.4.10"]
[Round "4"]
[White "jotat"]
[Black "wilfried"]
[Result "0-1"]
[WhiteElo "2301"]
[BlackElo "2205"]

1. e4 c5 2. g3 Nc6 3. Nc3 g6 4. Bg2 Bg7 5. Nge2 d6 6. O-O h5 7. d3 h4 8. Bg5 h3
9. Bh1 Nf6 10. Nd5 Nh7 11. Bc1 Bd7 12. c3 O-O 13. d4 cxd4 14. Nxd4 Rc8 15. Bf3
Nxd4 16. cxd4 e6 17. Nf4 Ng5 18. Bh1 Bc6 19. d5 exd5 20. exd5 Bd7 21. Qb3 Re8
22. Nd3 Ne4 23. Qxb7 Bg4 24. Qxa7 Be2 25. Qa3 Bxd3 26. Qxd3 Nxf2 27. Rxf2 Re1+
0-1

[Event "helianthus"]
[Site "http://www.queenalice.com/game.php?id=803552"]
[Date "2010.7.14"]
[Round "3"]
[White "Netferatu"]
[Black "jotat"]
[Result "1-0"]
[WhiteElo "2390"]
[BlackElo "2215"]

1. e4 e6 2. d4 d5 3. e5 c5 4. c3 Nc6 5. Nf3 Qb6 6. a3 f6 7. Be2 cxd4 8. cxd4
fxe5 9. dxe5 Nh6 10. O-O Ng4 11. Nc3 Bc5 12. Qe1 O-O 13. Na4 Bxf2+ 14. Rxf2
Qxf2+ 15. Qxf2 Nxf2 16. Kxf2 Nxe5 17. Kg3 Nc6 18. Nc3 Na5 19. Bf4 Nc6 20. Re1
Bd7 21. Nb5 a6 22. Nd6 b5 23. Bd3 h6 24. h4 Rab8 25. Ne5 Nxe5 26. Bxe5 Rb6 27.
b4 Rd8 28. Rf1 Bc8 29. Rc1 Rbxd6 30. Bxd6 1-0